000 00328nam a2200145Ia 4500
100 _aPatil/B.R
650 _aBasic electrical engineering
942 _cBK
245 _aBasic Electrical Engineering
260 _bOxford university press
_c2018
082 _a621.392
_bPAT
300 _a646
546 _aENGLISH
999 _c25705
_d25705